000 00303nam a2200097Ia 4500
082 _a968.4045|GILL
245 0 _aDiscovering the battlefields of the Anglo-Zulu War
100 _a Gillings, Ken Pinetown, South Africa, 2014
_946631
942 _cBK
008 210817s9999 xx 000 0 und d
999 _c153173
_d153172